• 首页
  • 本馆介绍
  • 公告通知
  • 最新文献
  • 馆藏检索
  • 电子资源
  • 读者导购
  • 参考咨询
  • 我的图书馆
  • 登录
  • 详细信息显示
  • 放入我的书架
  • 预约/预借图书
  • 作者相关作品
  • 分类相关作品
  • 丛书相关作品
  • 出版社相关作品

书目信息

  • 表格格式
  • 工作单格式
  • 卡片格式
题名:
战略大转型实战汇编
    
 
作者: 赖小民 著
分册:  
出版信息: 北京   中国金融出版社  2017
页数: 21,405页
开本: 26cm
丛书名:
单 册:
中图分类: F832.3
科图分类:
主题词: 金融企业--企业管理--案例--中国
电子资源:
ISBN: 978-7-5049-8977-2
000 01206nam0 2200241 450
001 012001001218
005 20140921103355.0
010    @a978-7-5049-8977-2@dCNY78.00
100    @a20171018d2017 em y0chiy50 ea
101 0  @achi
102    @aCN@b110000
105    @aa z 000yy
106    @ar
200 1  @a战略大转型实战汇编@9zhan lve da zhuan xing shi zhan hui bian@e中国华融创新转型业务经典案例@dA collection of the great strategic transformation practices@etypical case studies on business innovaion & transformation of China Huarong@f赖小民著@zeng
210    @a北京@c中国金融出版社@d2017
215    @a21,405页@c彩图,彩照@d26cm
330    @a本书共三部分,分别是“响应国家战略,紧跟政府步伐,支持经济发展”“立足主业开拓创新,脚踏实地转型发展,成就‘专业的资产经营管理者’”“搭建金融控股平台,发挥‘一体两翼’优势,铸就‘优秀的综合金融服务商’”。
510 1  @aCollection of the great strategic transformation practices@etypical case studies on business innovaion & transformation of China Huarong@zeng
606 0  @a金融企业@x企业管理@x案例@y中国
690    @aF832.3@v5
701  0 @a赖小民@9lai xiao min@f(1962-)@4著
801  0 @aCN@b上海新华@c20180901
905    @b1156059-63@dF832.3@e174@f5
    
    战略大转型实战汇编:中国华融创新转型业务经典案例=A collection of the great strategic transformation practices:typical case studies on business innovaion & transformation of China Huarong/赖小民著.-北京:中国金融出版社,2017
    21,405页:彩图,彩照;26cm
    
    
    ISBN 978-7-5049-8977-2:CNY78.00
    本书共三部分,分别是“响应国家战略,紧跟政府步伐,支持经济发展”“立足主业开拓创新,脚踏实地转型发展,成就‘专业的资产经营管理者’”“搭建金融控股平台,发挥‘一体两翼’优势,铸就‘优秀的综合金融服务商’”。
●
相关链接 在E读中查询图书 在五车中查询图书 在当当中查询图书 在豆瓣中查询图书


正题名:战略大转型实战汇编     索取号:F832.3/174         预约/预借

序号 登录号 条形码 馆藏地/架位号 状态 备注
1 1156059   211560595   第一样本阅览室/ [索取号:F832.3/174] 在馆    
2 1156060   211560602   第一借阅区/ [索取号:F832.3/174] 在馆    
3 1156061   211560611   第一借阅区/ [索取号:F832.3/174] 在馆    
4 1156062   211560620   第一借阅区/ [索取号:F832.3/174] 在馆    
5 1156063   211560639   密集书库-海洋学院/ [索取号:F832.3/174] 在馆    
唐山师范学院图书馆 欢迎您!
大连网信软件有限公司© 版权所有